00765nam a22002057a 450000500170000001000150001702000340003203500140006603700130008008200080009310000340010124500880013526000420022327000640026530000210032970000340035094200220038499900190040695201340042520240909111837.0 aENG-141301 a9788180903908 (vol.1)c495.00 aEN-124833 bDBAD/PUB a510 aDatta ,Bibhutibhushan 97128210aHistory of Hindu Mathematics/cby Bibhutibhushan Datta [and] Avadhesh Narayan Singh aDelhibBharatiya Kala Prakashanc2015 a3421-A, IInd Floor Narang Colony Tri Nagar,bDelhi e110035 a314p.c22cm (Pb) aAvadhesh Narayan Singh971283 2ddccENmDATh510 c205696d205696 00103Vol- 140708NFICaBNbBNd2024-09-09eDBADg495.00l0oDAT 510pEN-124833r2024-09-09 00:00:00t1v495.00w2024-09-09yEN